| 000 | 00793cab a2200277 4500 | ||
|---|---|---|---|
| 001 | X1452 | ||
| 008 | 090401t1994 xxu||||| |||| 00| 0 eng d | ||
| 035 | _a(Sirsi) u17192 | ||
| 041 | _aeng | ||
| 245 | _aMembers` affairs: SST | ||
| 260 | _c1994 | ||
| 350 | _a0 | ||
| 490 |
_aCSM (Chartered Surveyor Monthly) _v3(7) April 1994, 56-57(2) |
||
| 650 | _aANNUAL GENERAL MEETING | ||
| 650 | _aCPD | ||
| 650 | _aCUBBON REVIEW | ||
| 650 | _aMEMBERS AFFAIRS | ||
| 650 | _aPROFILE | ||
| 650 | _aRECOGNITION OF QUALIFICATIONS | ||
| 650 | _aSMITH A.M. | ||
| 650 | _aSOCIETY OF SURVEYING TECHNICIANS | ||
| 650 | _aABOUT RICS-RELATED ORGANISATIONS-SOCIETY OF SURVEYING TECHNICIANS | ||
| 690 | _aMANAGEMENT-BUSINESS MANAGEMENT-PROFESSIONAL PRACTICE | ||
| 942 | _n0 | ||
| 948 | _c04/03/1997 | ||
| 999 |
_c11400 _d11400 |
||